000 00262nam a22001217a 4500
008 181024b xxu||||| |||| 00| 0 eng d
041 _aeng
080 _a070
100 _a37
101 _aMED
245 _aEffective Speaking
_cVerderber.R.F
942 _2udc
_cBK
999 _c50867
_d50867